PLENÁRNE ZASADANIE CEN/TC 230 ANALÝZA VÔD V PARÍŽI

Bibliographic Details
Main Author: Smiešková, Jana (Author)
Format: Article
Language:Slovak

MARC

LEADER 00000nab a2200000 a 4500
001 vtls010704399
003 SK-MaSNL
005 20260304192443.0
008 250709s2002 xo |||||||||||||||||slo|
035 |a (urnnbn)urn:nbn:sk:snk:ar-a03xyr 
035 |a (uuid)41d0fc08-7c8c-4346-87b7-4d362e36a22a 
035 |a urn:nbn:sk:snk-ab396s 
040 |a SNKBUCL  |b slo  |c SNKBUCL  |e AACR2 
041 0 |a slo 
044 |a xo  |c SK 
100 1 |a Smiešková, Jana  |4 aut  |9 314282 
245 1 0 |a PLENÁRNE ZASADANIE CEN/TC 230 ANALÝZA VÔD V PARÍŽI  |c Jana Smiešková 
773 0 |t Normalizácia : odborný časopis pre technickú normalizáciu  |g Roč. 8, č. 3-4 (2002), s. 26-27 
850 |a Slovenská národná knižnica 
852 |a Slovenská národná knižnica 
954 |a odborná, vedecká literatúra pôvodná (slovenská)  |2 lita 
958 |a article1 
958 |a OND 
958 |a EUIPO 
999 |c 3061997  |d 3063927